000 00469nam a2200157 a 4500
001 000040911
005 20240306165610.0
008 130911s2005 sp 000 0 spa d
020 _a8495354616
040 _aDO-SdBNP
_bspa
_cBNPHU
100 1 _aArias, Juan
_967343
245 1 0 _aJesus :
_bese gran desconocido /
_cJuan Arias ; prólogo Paulo Coelho.
260 _aMadrid :
_bMaeva,
_c2005.
300 _a275 p. ;
_c19 cm.
700 1 _aCoelho, Paulo,
_d1947-
_epról.
_913649
999 _c40401
_d40401